[Event "ch-FRA Blitz Online Qual"]
[Site "Europe-Chess INT"]
[Date "2020.05.16"]
[Round "9"]
[White "Louvrier Saint-Mary, Jean-Roger"]
[Black "Desarmaux-Do, Yanis-Huy"]
[Result "1-0"]
[WhiteElo "1780"]
[BlackElo "1803"]
[WhiteFideId "618349"]
[BlackFideId "45118299"]
[EventDate "2020.05.16"]

1. b3 Nf6 2. Bb2 e6 3. g3 d5 4. c4 c5 5. Bg2 Nc6 6. Nf3 Be7 7. Ne5 O-O 8. O-O
Nxe5 9. Bxe5 d4 10. e3 Nd7 11. exd4 Nxe5 12. dxe5 Qd4 13. Nc3 Qxe5 14. Re1 Qc7
15. d4 Bf6 16. Nb5 Qe7 17. Rc1 a6 18. Nc3 cxd4 19. Nd5 Qd8 20. Nxf6+ Qxf6 21.
Re4 e5 22. Qe2 Bf5 23. Rxe5 d3 24. Qe3 Rad8 25. Bd5 Bg4 26. f3 Bf5 27. Qf4 d2
28. Rd1 Bc2 29. Rxd2 Qxf4 30. gxf4 Bg6 31. Rde2 b5 32. cxb5 axb5 33. Be4 f5 34.
Bc6 b4 35. Rb5 Rd4 36. Bd5+ Kh8 37. Re7 Rd8 38. Bc4 Rxf4 39. Kf2 Bh5 40. Be2 h6
41. Ke3 Rfd4 42. Rxf5 Bg6 43. Rfe5 Rd2 44. Ra7 Rb2 45. Ree7 Rdd2 46. Kf4 Rxe2
47. Rxg7 Re4+ 48. Kg3 Ree2 49. Rgc7 Rg2+ 50. Kf4 Rxh2 51. Ra8+ Be8 52. Rxe8# 1-0

[Event "ch-FRA Blitz Online Qual"]
[Site "Europe-Chess INT"]
[Date "2020.05.16"]
[Round "9"]
[White "Bonelli Maestracci, Pierre Joseph"]
[Black "Martinez, Felicien"]
[Result "0-1"]
[WhiteElo "1545"]
[BlackElo "1867"]
[WhiteFideId "45172870"]
[BlackFideId "45141207"]
[EventDate "2020.05.16"]

1. e4 e6 2. d4 d5 3. exd5 exd5 4. c3 Bf5 5. Bd3 Bxd3 6. Qxd3 Bd6 7. Nf3 Nf6 8.
O-O O-O 9. Bg5 Nbd7 10. Nbd2 c6 11. Rfe1 Qc7 12. Bxf6 Nxf6 13. Ne5 Nd7 14. Nxd7
Qxd7 15. Nf3 Qg4 16. Ne5 Qh5 17. Qe2 Qg5 18. Nf3 Qh6 19. g3 Qg6 20. Nh4 Qg5 21.
Ng2 Rad8 22. Rad1 Rd7 23. Qd2 Qg4 24. f4 Rdd8 25. Qe2 Qg6 26. Nh4 Qf6 27. Nf3
Qf5 28. Nh4 Qd7 29. Ng2 Rfe8 30. Qf2 a5 31. Rd2 Re4 32. Rxe4 dxe4 33. Re2 f5 34.
Ne3 g6 35. Nc4 Bc7 36. Ne5 Qe7 37. Qe3 a4 38. a3 Qe6 39. Qd2 Qb3 40. Qc2 Qxc2
41. Rxc2 Bxe5 42. fxe5 Kf7 43. Kf2 Ke6 44. Ke3 Kd5 45. c4+ Ke6 46. Rd2 Ra8 47.
Kf4 h6 48. d5+ Ke7 49. dxc6 bxc6 50. Rd6 Rb8 51. Rxc6 Rb3 52. Rxg6 Rf3# 0-1

[Event "ch-FRA Blitz Online Qual"]
[Site "Europe-Chess INT"]
[Date "2020.05.16"]
[Round "9"]
[White "Fondrat, Johan"]
[Black "Lebrun, Elias"]
[Result "0-1"]
[WhiteElo "1509"]
[BlackElo "1880"]
[WhiteFideId "45156069"]
[BlackFideId "26073110"]
[EventDate "2020.05.16"]

1. e4 c5 2. c3 Nf6 3. e5 Nd5 4. d4 cxd4 5. cxd4 d6 6. Nf3 dxe5 7. dxe5 Nc6 8.
Bc4 e6 9. O-O Be7 10. Bxd5 exd5 11. Nc3 Be6 12. Be3 O-O 13. Re1 a6 14. a4 h6 15.
h3 Qd7 16. Bd4 Rad8 17. Rc1 Nxd4 18. Qxd4 Rc8 19. Red1 Rfd8 20. Rd2 Bc5 21. Qd3
Bf5 22. Qxd5 Qxd5 23. Rxd5 Rxd5 24. Nxd5 Bxf2+ 25. Kxf2 Rxc1 26. Ne7+ Kf8 27.
Nxf5 Rc2+ 28. Kg3 Rxb2 29. N5d4 Ra2 30. Nb3 Rxa4 31. Nc5 Rb4 32. Nd2 a5 33. Kf3
a4 34. Ke3 a3 35. Ndb3 b6 36. Nd7+ Ke8 37. e6 Rxb3+ 0-1

[Event "ch-FRA Blitz Online Qual"]
[Site "Europe-Chess INT"]
[Date "2020.05.16"]
[Round "9"]
[White "Azymah, Remy"]
[Black "Mendoza, Mael"]
[Result "0-1"]
[WhiteElo "1934"]
[BlackElo "1451"]
[WhiteFideId "26014300"]
[BlackFideId "551036533"]
[EventDate "2020.05.16"]

1. e4 e5 2. f4 exf4 3. Nf3 d5 4. exd5 Nf6 5. c4 Bd6 6. d4 b6 7. Nc3 O-O 8. Be2
Re8 9. O-O Bf5 10. Bd3 Ne4 11. Nxe4 Bxe4 12. Qc2 f5 13. Bd2 Qf6 14. c5 bxc5 15.
dxc5 Bxd3 16. Qxd3 Bxc5+ 17. Kh1 Nd7 18. Bxf4 Bd6 19. Bxd6 cxd6 20. Nd4 g6 21.
Ne6 Rab8 22. b3 Nc5 23. Qg3 Nxe6 24. dxe6 Qxe6 25. h3 Qe5 26. Qf3 Qe4 27. Qg3 d5
28. Qc7 Qe7 29. Qc3 Qg7 30. Qc5 Qd7 31. Rad1 Rbd8 32. Rf3 Rc8 33. Qa3 d4 34.
Rfd3 Rcd8 35. Qa4 Qxa4 36. bxa4 Re4 37. Kh2 Kf7 38. Rb1 Re3 39. Rd2 d3 40. Rb7+
Kf6 41. Rxh7 Re2 42. Rd1 d2 43. Rb7 Re1 44. Rbb1 Rxd1 45. Rxd1 Rd4 46. Kg3 a5
47. Kf2 f4 48. Ke2 Rxa4 49. Rxd2 Kf5 50. Kf2 g5 51. Ke2 Re4+ 52. Kf2 Re5 53. Rb2
Rc5 54. Ke2 Rd5 55. Kf2 Ke4 56. Re2+ Kd3 57. Rb2 Rc5 58. Kf3 Rc2 59. Rb3+ Rc3
60. Rb5 Kc4+ 0-1

[Event "ch-FRA Blitz Online Qual"]
[Site "Europe-Chess INT"]
[Date "2020.05.16"]
[Round "9"]
[White "Gandreuil, Brice"]
[Black "Dore, Armand"]
[Result "0-1"]
[WhiteElo "1500"]
[BlackElo "1855"]
[WhiteFideId "36078425"]
[BlackFideId "680508"]
[EventDate "2020.05.16"]

1. e4 c5 2. Nc3 Nc6 3. g3 g6 4. Bg2 Bg7 5. d3 d6 6. f4 e6 7. Nf3 Nge7 8. O-O O-O
9. g4 f5 10. exf5 exf5 11. g5 Be6 12. h4 Nd4 13. h5 gxh5 14. Nh4 Bf7 15. Bxb7
Rb8 16. Bg2 Ng6 17. Nxg6 hxg6 18. Bd5 Qe7 19. Re1 Qc7 20. Bxf7+ Qxf7 21. Rb1
Rfe8 22. Rxe8+ Rxe8 23. Bd2 Qe7 24. Nd5 Qf7 25. Ne3 Ne6 26. Nc4 Rd8 27. Ba5 Rd7
28. Qf3 Nd4 29. Qa8+ Kh7 30. c3 Ne2+ 31. Kf2 Nxf4 32. Qb8 Nxd3+ 33. Kg2 Qxc4 34.
Rd1 Qg4+ 35. Kf1 Qxd1+ 36. Kg2 Qe2+ 37. Kg3 Be5+ 38. Kh4 Qh2# 0-1

[Event "ch-FRA Blitz Online Qual"]
[Site "Europe-Chess INT"]
[Date "2020.05.16"]
[Round "9"]
[White "Bellahcene, Meriem"]
[Black "Sureau, Corentin"]
[Result "0-1"]
[WhiteElo "1936"]
[BlackElo "1686"]
[WhiteFideId "20655347"]
[BlackFideId "36067687"]
[EventDate "2020.05.16"]

1. e4 c5 2. Nc3 g6 3. g3 Bg7 4. Bg2 Nc6 5. d3 d6 6. f4 e6 7. Nf3 Nge7 8. O-O O-O
9. Be3 b6 10. Qd2 Bb7 11. Nd1 d5 12. exd5 exd5 13. Bf2 Nf5 14. c3 Re8 15. Ne3
Nxe3 16. Bxe3 d4 17. Bf2 dxc3 18. bxc3 Qf6 19. Rac1 Rad8 20. Ng5 h6 21. Ne4 Qf5
22. Qc2 Ba6 23. c4 Bb7 24. Rcd1 Nb4 25. Qb3 Nc6 26. Qa4 Re7 27. a3 Rdd7 28. Qc2
Nd4 29. Qc1 Ne2+ 0-1

[Event "ch-FRA Blitz Online Qual"]
[Site "Europe-Chess INT"]
[Date "2020.05.16"]
[Round "9"]
[White "Ernst, Luca"]
[Black "Condat, Hugo"]
[Result "1-0"]
[WhiteElo "1660"]
[BlackElo "1961"]
[WhiteFideId "45117055"]
[BlackFideId "26027402"]
[EventDate "2020.05.16"]

1. e4 e6 2. d4 d5 3. exd5 exd5 4. Bd3 Bd6 5. Qf3 Be6 6. Ne2 Nc6 7. c3 Qd7 8. Bf4
Nf6 9. h3 O-O-O 10. Nd2 Rhe8 11. O-O h6 12. b4 Bxf4 13. Nxf4 g5 14. Nxe6 Qxe6
15. Bf5 Nd7 16. Bxe6 fxe6 17. a4 Nb6 18. a5 Nd7 19. b5 Ne7 20. c4 Nf5 21. c5
Nxd4 22. Qd3 e5 23. c6 Nc5 24. cxb7+ Kxb7 25. Qa3 Nd7 26. a6+ Kb8 27. Nb3 Nc2
28. Qa4 Nb6 29. Qg4 Nxa1 30. Rxa1 Nc4 31. Na5 Rd6 32. Nc6+ Ka8 33. Qh5 Rf8 34.
Rd1 d4 35. Re1 d3 36. Nxe5 d2 37. Nd3 Rxd3 38. Re8+ Rd8 39. Qf3+ 1-0

[Event "ch-FRA Blitz Online Qual"]
[Site "Europe-Chess INT"]
[Date "2020.05.16"]
[Round "9"]
[White "Morais, Thomas"]
[Black "Triton, Maxime"]
[Result "1-0"]
[WhiteElo "1710"]
[BlackElo "1843"]
[WhiteFideId "36034703"]
[BlackFideId "36062979"]
[EventDate "2020.05.16"]

1. e4 c5 2. Nf3 e6 3. d3 Nc6 4. Nbd2 a6 5. g3 b5 6. Bg2 Bb7 7. O-O Nf6 8. Re1
Be7 9. Qe2 O-O 10. Nf1 d5 11. e5 Nd7 12. h4 Qc7 13. Bf4 Nb6 14. N1h2 d4 15. Bg5
Nd5 16. Bxe7 Qxe7 17. Ng5 h6 18. Qh5 hxg5 19. hxg5 Ndb4 20. Ng4 Nxc2 21. Nf6+
gxf6 22. gxf6 Nxe1 23. Qg5+ Kh8 24. Qg7# 1-0

[Event "ch-FRA Blitz Online Qual"]
[Site "Europe-Chess INT"]
[Date "2020.05.16"]
[Round "9"]
[White "Quartararo, Pierre"]
[Black "Ghazaryan, Gor"]
[Result "1-0"]
[WhiteElo "1909"]
[BlackElo "1431"]
[WhiteFideId "614491"]
[BlackFideId "45137595"]
[EventDate "2020.05.16"]

1. d4 Nf6 2. c4 e6 3. Nf3 b6 4. g3 Bb7 5. Bg2 c5 6. e3 Nc6 7. O-O d5 8. b3 Bd6
9. Nc3 cxd4 10. exd4 Bb4 11. Bb2 Bxc3 12. Bxc3 O-O 13. Ne5 Ne4 14. Bb2 Nxe5 15.
dxe5 dxc4 16. Qe2 Nc5 17. Qxc4 Bxg2 18. Kxg2 Rc8 19. Qe2 Qd3 20. Qxd3 Nxd3 21.
Ba3 Nc5 22. Rfd1 h6 23. Rd6 Rfd8 24. Rad1 Rxd6 25. exd6 Rd8 26. Bxc5 bxc5 27.
Kf3 Kf8 28. Ke4 f6 29. f4 Ke8 30. Rd3 Kd7 31. f5 exf5+ 32. Kxf5 Kc6 33. Kg6 Rd7
34. h4 Kb5 35. a3 c4 36. bxc4+ Kxc4 37. Rd1 a5 38. g4 a4 39. Kf5 Kc5 40. Ke6 Rd8
41. d7 Kc6 42. Ke7 Rb8 43. d8=Q Rxd8 44. Rxd8 Kc5 45. Kf7 Kc4 46. Kxg7 Kb3 47.
Rd3+ Kb2 48. Rf3 Kc2 49. Kxf6 Kb2 50. Kg6 Kc2 51. Kxh6 Kb2 52. Kg6 Kc2 53. h5
Kb2 54. h6 Kc2 55. h7 Kb2 56. h8=Q+ Kc2 57. Qc8+ Kb2 58. Qc3+ Kb1 59. Rf1+ Ka2
60. Qc2+ Kxa3 61. Rf3+ Kb4 62. Qb2+ Ka5 63. Rf5+ Ka6 64. Qb5+ Ka7 65. Rf6 a3 66.
Ra6# 1-0

[Event "ch-FRA Blitz Online Qual"]
[Site "Europe-Chess INT"]
[Date "2020.05.16"]
[Round "9"]
[White "Oney, Remel"]
[Black "Roussel, Matthieu"]
[Result "1-0"]
[WhiteElo "1781"]
[BlackElo "1577"]
[WhiteFideId "6310125"]
[BlackFideId "36070009"]
[EventDate "2020.05.16"]

1. d4 d5 2. Bf4 Nf6 3. e3 c5 4. c3 Nc6 5. Nd2 Qb6 6. Qc2 c4 7. Ngf3 e6 8. Be2
Be7 9. h3 O-O 10. Ne5 Nxe5 11. Bxe5 Nd7 12. Bh2 Bd6 13. Nf3 Bxh2 14. Nxh2 Nf6
15. Ng4 Nxg4 16. hxg4 g6 17. Rh3 f5 18. O-O-O a5 19. Rdh1 Rf7 20. gxf5 exf5 21.
f4 a4 22. a3 Qc7 23. Bf3 Be6 24. Rh6 Rg7 25. Qf2 Rf8 26. Qh4 Rff7 27. Qg5 Qe7
28. Kd2 b5 29. Qg3 Qd7 30. Qf2 Qb7 31. g3 Qd7 32. Qg2 Re7 33. R6h4 Ref7 34. g4
fxg4 35. Bxg4 Bxg4 36. Rxg4 Rf5 37. Rg5 Rxg5 38. Qxg5 Qf5 39. Qd8+ Qf8 40. Qxd5+
Rf7 41. Qxb5 Kg7 42. Qe5+ Rf6 43. Qc7+ Rf7 44. Qxc4 Qb8 45. Kc2 Qa7 46. Re1 Qd7
47. d5 Rf5 48. Qd4+ Kg8 49. c4 Qb7 50. Rd1 Qb3+ 51. Kb1 Rf7 52. d6 Rd7 53. c5
Qb5 54. Qd5+ Kh8 55. c6 Rd8 56. Qxb5 1-0

[Event "ch-FRA Blitz Online Qual"]
[Site "Europe-Chess INT"]
[Date "2020.05.16"]
[Round "9"]
[White "Huynh, Nicolas"]
[Black "Moeller, Joshua"]
[Result "0-1"]
[WhiteElo "1836"]
[BlackElo "1469"]
[WhiteFideId "36081302"]
[BlackFideId "45167834"]
[EventDate "2020.05.16"]

1. e4 e6 2. d4 d5 3. Nc3 Nf6 4. Bg5 dxe4 5. Nxe4 Be7 6. Bd3 Nxe4 7. Bxe7 Qxe7 8.
Bxe4 Qb4+ 9. Qd2 Qxb2 10. Rb1 Qxb1+ 11. Ke2 Qb5+ 12. Bd3 Qh5+ 13. Nf3 b6 14. Re1
Bb7 15. Kf1 Bxf3 16. gxf3 Qxf3 17. Be4 Qh3+ 18. Bg2 Qh5 19. Bxa8 c6 20. d5 cxd5
21. Bxd5 O-O 22. Bg2 Qxh2 23. Re3 Qc7 24. Rh3 Rd8 25. Qe2 Nd7 26. Be4 Nf6 27.
Bd3 Qc6 28. Qe3 h6 29. Rg3 Nh5 30. Rh3 Nf6 31. Rg3 Nd5 32. Qxh6 Qc3 33. Bh7+ Kf8
34. Rxc3 gxh6 0-1

[Event "ch-FRA Blitz Online Qual"]
[Site "Europe-Chess INT"]
[Date "2020.05.16"]
[Round "9"]
[White "Demarche, Laurent"]
[Black "Mareau, Timothe"]
[Result "0-1"]
[WhiteElo "1835"]
[BlackElo "1642"]
[WhiteFideId "609757"]
[BlackFideId "45148864"]
[EventDate "2020.05.16"]

1. d3 e5 2. Nd2 d5 3. e4 Nf6 4. Ngf3 Nc6 5. Be2 Bc5 6. O-O O-O 7. c3 Bb6 8. a3
a5 9. b3 Re8 10. Bb2 d4 11. c4 a4 12. b4 Be6 13. c5 Ba7 14. Qc2 Nd7 15. Nc4 f6
16. Bc1 Bb8 17. Bd2 Qe7 18. Ne1 Nd8 19. g3 c6 20. Ng2 Nf7 21. f4 Bc7 22. f5 Bxc4
23. Qxc4 Kh8 24. g4 Nd8 25. h4 b6 26. cxb6 Nxb6 27. Qc2 Nb7 28. g5 Rg8 29. g6 h6
30. Qc1 Rgc8 31. Bxh6 gxh6 32. Qxh6+ Kg8 33. h5 Qg7 34. Qd2 c5 35. h6 Qe7 36.
bxc5 Nxc5 37. g7 Nb3 38. Qb2 Nxa1 39. Qxa1 Qf7 40. Kf2 Kh7 41. Rh1 Qb3 42. Bh5
Kxh6 43. Bg6+ Kxg7 44. Rh7+ Kf8 45. Rf7+ Ke8 46. Rxc7+ Kd8 47. Rxc8+ Rxc8 48.
Ne1 Nd7 49. Bf7 Qxf7 50. Qb2 Qb3 51. Qe2 Nc5 52. Qh5 Nxd3+ 53. Nxd3 Rc2+ 54. Kf1
Qxd3+ 55. Kg1 Qg3+ 56. Kf1 Qf2# 0-1

[Event "ch-FRA Blitz Online Qual"]
[Site "Europe-Chess INT"]
[Date "2020.05.16"]
[Round "9"]
[White "Stajkovski, Stefan"]
[Black "Vine, Guillaume"]
[Result "0-1"]
[WhiteElo "1428"]
[BlackElo "1824"]
[WhiteFideId "551053250"]
[BlackFideId "20654219"]
[EventDate "2020.05.16"]

1. d4 Nf6 2. Bg5 h6 3. Bxf6 exf6 4. e3 d5 5. g3 Bd6 6. Bg2 O-O 7. c4 c6 8. Nc3
dxc4 9. a4 Qb6 10. Qc2 Na6 11. Nf3 Nb4 12. Qe2 Nd3+ 13. Kf1 Qxb2 14. Qxb2 Nxb2
15. Nd2 Bb4 16. Rc1 Nd3 17. Rc2 Be6 18. Ke2 a6 19. Nce4 Bf5 20. Rxc4 Bxd2 21.
Nxd2 a5 22. e4 Be6 23. d5 cxd5 24. exd5 Ne5 25. Rc7 Bf5 26. Rxb7 Rab8 27. Rxb8
Rxb8 28. f4 Bg4+ 29. Ke3 Nd7 30. Rb1 Re8+ 31. Kd4 Re2 32. Bf3 Rxd2+ 33. Ke3 Bf5
34. Rb7 Rd3+ 35. Kf2 Nc5 36. Rb8+ Kh7 37. g4 Bd7 38. Ra8 Nxa4 39. Be4+ f5 40.
Bxd3 Nc5 41. Bxf5+ Bxf5 42. gxf5 Nb3 43. Ke3 g6 44. f6 g5 45. Rf8 Kg6 46. fxg5
hxg5 47. d6 Kxf6 48. Ra8 Ke6 49. Ra6 Nc5 50. Rxa5 Kxd6 51. Kf3 Ne6 52. Ra6+ Ke7
53. Kg4 Kf6 54. h3 Kg7 55. Kf5 Kh6 56. Ra7 Ng7+ 57. Kf6 Nh5+ 58. Kxf7 Nf4 59.
Ra6+ Kh5 60. Ra3 Kh4 61. Kf6 Nxh3 62. Ra4+ g4 63. Kf5 Nf2 64. Rf4 Kg3 65. Kg5
Nh3+ 66. Kf5 Nxf4 67. Kg5 Kf3 68. Kh4 g3 69. Kg5 g2 70. Kf6 g1=Q 71. Ke5 Qe3+ 0-1

[Event "ch-FRA Blitz Online Qual"]
[Site "Europe-Chess INT"]
[Date "2020.05.16"]
[Round "9"]
[White "Hilton, Marc"]
[Black "Nguyen, Thao Nhi"]
[Result "0-1"]
[WhiteElo "1546"]
[BlackElo "1951"]
[WhiteFideId "36086983"]
[BlackFideId "36000310"]
[EventDate "2020.05.16"]

1. d4 Nf6 2. c4 e5 3. dxe5 Ng4 4. Bf4 Nc6 5. Nf3 Bc5 6. e3 Bb4+ 7. Nbd2 Qe7 8.
a3 Bxd2+ 9. Qxd2 Ngxe5 10. Nxe5 Nxe5 11. Be2 d6 12. O-O O-O 13. Qc3 Bf5 14. Rad1
Rfe8 15. Rd5 c6 16. Rd4 Ng6 17. Bxd6 Qf6 18. Bg3 Be6 19. Qb3 b6 20. Rfd1 b5 21.
Qb4 a5 22. Qd2 c5 23. Rd6 bxc4 24. Rc6 Rec8 25. Bf3 Rxc6 26. Bxc6 Rc8 27. Bf3 h6
28. Qxa5 Qxb2 29. Bd6 c3 30. Be4 c2 31. Bxc2 Qxc2 32. Rf1 c4 33. Bb4 c3 34. Qa6
Qb2 35. Qe2 Qxe2 0-1

[Event "ch-FRA Blitz Online Qual"]
[Site "Europe-Chess INT"]
[Date "2020.05.16"]
[Round "9"]
[White "Hassler, Tim"]
[Black "Krajewski, Thomas"]
[Result "1-0"]
[WhiteElo "1933"]
[BlackElo "1273"]
[WhiteFideId "36052566"]
[BlackFideId "45103429"]
[EventDate "2020.05.16"]

1. e4 d5 2. exd5 Qxd5 3. Nc3 Qd8 4. d4 Nf6 5. h3 Bf5 6. Nf3 e6 7. Bd3 Bg6 8. Bf4
Be7 9. Qd2 Nbd7 10. O-O-O c6 11. Bxg6 hxg6 12. Rhe1 O-O 13. g4 Nd5 14. Bg3 Rc8
15. Ne4 Qb6 16. Ne5 Nxe5 17. Bxe5 Bb4 18. c3 Ba5 19. Nd6 Rcd8 20. Nc4 Qa6 21.
Qe2 b5 22. Nxa5 Qxa5 23. Kb1 b4 24. c4 Nb6 25. Bc7 Rd7 26. Bxb6 axb6 27. Qe5 Ra8
28. Qxa5 bxa5 29. b3 Rad8 30. Kb2 Rxd4 31. Rxd4 Rxd4 32. Re5 Rd2+ 33. Kb1 Rxf2
34. Rxa5 Rf3 35. Ra4 Rxh3 36. Rxb4 Rg3 37. Rb8+ Kh7 38. a4 Rxg4 39. a5 Rg5 40.
b4 c5 41. b5 e5 42. a6 e4 43. a7 e3 44. a8=Q e2 45. Qh1+ Rh5 46. Qxh5+ gxh5 47.
Re8 e1=Q+ 48. Rxe1 g5 49. b6 f5 50. b7 g4 51. b8=Q g3 52. Re6 g2 53. Qc7+ Kg8
54. Re8# 1-0

[Event "ch-FRA Blitz Online Qual"]
[Site "Europe-Chess INT"]
[Date "2020.05.16"]
[Round "9"]
[White "Mouret, Paul"]
[Black "Fraile, Lucas"]
[Result "0-1"]
[WhiteElo "1748"]
[BlackElo "1276"]
[WhiteFideId "36059170"]
[BlackFideId "45146322"]
[EventDate "2020.05.16"]

1. e4 c6 2. Nc3 d5 3. Qf3 dxe4 4. Nxe4 Nf6 5. Ng3 Bg4 6. Qb3 Qc7 7. d4 e6 8. h3
Bf5 9. Nxf5 exf5 10. Nf3 Nbd7 11. Bd3 g6 12. g3 Nd5 13. c3 O-O-O 14. O-O Bd6 15.
Kg2 f4 16. g4 h5 17. a3 hxg4 18. hxg4 Rh7 19. c4 N5f6 20. g5 Nh5 21. Qa4 Kb8 22.
b4 Ng7 23. Rg1 Nb6 24. Qb3 Qd7 25. Kf1 Qh3+ 26. Ke2 Re8+ 27. Kd2 Qxf3 28. c5
Qxf2+ 29. Kc3 Nd5+ 30. Kc4 Qxg1 31. cxd6 Nb6+ 32. Kc3 Qe1+ 33. Kc2 Rh2+ 34. Kb1
Rh1 35. Qc2 Ne6 36. d5 Nd4 37. Qb2 Na4 38. Qxd4 Qxc1+ 39. Ka2 Qd2+ 40. Kb3 Rxa1
41. Kxa4 b5+ 42. Bxb5 cxb5+ 43. Kxb5 Qxd4 44. d7 Rd8 45. d6 Qb6+ 46. Kc4 Qxd6
47. b5 Rxd7 48. b6 Qxb6 49. a4 Rc1# 0-1

[Event "ch-FRA Blitz Online Qual"]
[Site "Europe-Chess INT"]
[Date "2020.05.16"]
[Round "9"]
[White "Nguyen, Theo"]
[Black "Goyer, Lionel"]
[Result "0-1"]
[WhiteElo "1309"]
[BlackElo "1782"]
[WhiteFideId "551068591"]
[BlackFideId "20628706"]
[EventDate "2020.05.16"]

1. d4 d5 2. Nf3 c6 3. g3 Bf5 4. Bg2 Nf6 5. O-O Nbd7 6. b3 e6 7. Bb2 Be7 8. Nbd2
O-O 9. c4 Re8 10. c5 Ne4 11. Nxe4 Bxe4 12. Nd2 Bxg2 13. Kxg2 Qc7 14. Nf3 Bf6 15.
Qd3 Re7 16. Rfe1 e5 17. dxe5 Nxe5 18. Nxe5 Bxe5 19. Bxe5 Qxe5 20. f3 Rae8 21. e4
dxe4 22. fxe4 Qb2+ 23. Kh3 Qe5 24. Rad1 Qxc5 25. Rd2 h6 26. Kg2 Qh5 27. Rf2 Qg6
28. Rf4 Qe6 29. Qf3 Rd8 30. Re2 Rd4 31. e5 Rxf4 32. gxf4 Qg6+ 33. Kf2 Qf5 34.
Rd2 Rd7 35. Rxd7 Qxd7 36. Ke2 Qd4 37. Qe3 Qxe3+ 38. Kxe3 Kf8 39. Kd4 Ke7 40. Kc5
Ke6 41. Kd4 f6 42. Ke4 fxe5 43. fxe5 b6 44. a3 g5 45. h3 h5 46. b4 c5 47. bxc5
bxc5 48. a4 a5 49. Kd3 Kxe5 50. Kc4 g4 51. hxg4 hxg4 52. Kd3 g3 53. Ke2 Kf4 54.
Kf1 c4 55. Kg2 c3 56. Kf1 c2 57. Ke2 g2 58. Kf2 c1=Q 59. Kxg2 Qa3 60. Kf2 Qxa4
61. Ke2 Qb4 62. Kd3 a4 63. Kc2 a3 64. Kd1 a2 65. Kc2 Qb8 66. Kd3 a1=Q 67. Kc2
Qbb2+ 68. Kd3 Qaa3+ 69. Kc4 Qbb4+ 70. Kd5 Qaa5+ 71. Ke6 Qbb6+ 72. Kf7 Qaa7+ 73.
Kg8 Qbb8# 0-1

[Event "ch-FRA Blitz Online Qual"]
[Site "Europe-Chess INT"]
[Date "2020.05.16"]
[Round "9"]
[White "Ciarletta, Iris"]
[Black "Pothieux, Philippe"]
[Result "1-0"]
[WhiteElo "1493"]
[BlackElo "1796"]
[WhiteFideId "45133263"]
[BlackFideId "20606036"]
[EventDate "2020.05.16"]

1. d4 Nf6 2. c4 e6 3. Nc3 d5 4. Bg5 Be7 5. Nf3 c6 6. e3 O-O 7. Bd3 Nbd7 8. O-O
h6 9. Bxf6 Nxf6 10. cxd5 exd5 11. Ne2 Bg4 12. Ne5 Be6 13. Nf4 Bd7 14. Nh5 Nxh5
15. Qxh5 Bf6 16. Ng4 Bxg4 17. Qxg4 Qd6 18. b4 g6 19. b5 c5 20. dxc5 Qxc5 21.
Rac1 Qa3 22. Qf3 Qxd3 23. Qxf6 Qxb5 24. Rfd1 Rad8 25. Rd4 Qb2 26. Rf1 Qxa2 27.
Rg4 Qc2 28. Qh4 Kg7 29. Rb4 b6 30. Qd4+ Kg8 31. Qh4 Kh7 32. g4 Qc3 33. g5 h5 34.
Rf4 a5 35. Rf6 Qc4 36. Qg3 Qc5 37. Qf3 Kg7 38. Rb1 b5 39. Ra6 a4 40. Qf6+ Kg8
41. Rc6 Qa3 42. Rc7 b4 43. Rxf7 Rxf7 44. Qxd8+ Kg7 45. Qxd5 b3 46. Qd4+ Kh7 47.
Ra1 1-0

[Event "ch-FRA Blitz Online Qual"]
[Site "Europe-Chess INT"]
[Date "2020.05.16"]
[Round "9"]
[White "Lefrancois, Jean"]
[Black "Ros, David"]
[Result "0-1"]
[WhiteElo "1038"]
[BlackElo "1767"]
[WhiteFideId "551055635"]
[BlackFideId "36079103"]
[EventDate "2020.05.16"]

1. d4 Nf6 2. Nc3 g6 3. Bf4 d5 4. e3 Bg7 5. Nb5 Na6 6. Be2 c6 7. Nc3 Nc7 8. h3
O-O 9. Nf3 Re8 10. O-O Nh5 11. Bh2 a6 12. Ne5 Nb5 13. Nxb5 axb5 14. b3 Nf6 15.
c4 dxc4 16. bxc4 bxc4 17. Bxc4 e6 18. a4 Nd5 19. e4 Nc3 20. Qd3 Nxa4 21. Bb3
Bxe5 22. Bxe5 Nc5 23. Qg3 Rxa1 24. Rxa1 Nxb3 25. Qxb3 f6 26. Bh2 Qxd4 27. Rd1
Qxe4 28. Bg3 Kg7 29. Ra1 Qd5 30. Qe3 e5 31. Ra7 Re7 32. Ra8 Bf5 33. Qa3 Rf7 34.
Re8 h5 35. Re7 Qd8 36. Rxf7+ Kxf7 37. Qb3+ Qd5 38. Qxb7+ Qd7 39. Qb3+ Kg7 40.
Kh2 g5 41. h4 g4 42. Qb6 Be6 43. Qc5 Bf7 44. Qb6 Qd5 45. Qe3 c5 46. Qc3 Qd4 47.
Qc2 c4 48. f3 Qd3 49. Qxd3 cxd3 50. Be1 gxf3 51. gxf3 f5 52. Kg3 Kf6 53. Bd2 Bd5
54. f4 e4 55. Kf2 Ke7 56. Ke3 Kd6 57. Kd4 Bb3 58. Be3 Bd1 59. Bd2 Bg4 60. Be3
Ke6 61. Kc5 Kd7 62. Kd5 Kc7 63. Ke5 Kc6 64. Kd4 Kb5 65. Kc3 Ka4 66. Kb2 Kb4 67.
Bd2+ Kc4 68. Kc1 Be2 69. Kb2 Kd4 70. Kc1 e3 71. Ba5 Ke4 72. Bc7 Kf3 73. Ba5 Kg3
74. Kb2 Kxf4 75. Kc1 Kg4 76. Be1 f4 77. Bb4 f3 78. Be1 f2 79. Bxf2 exf2 80. Kd2
f1=Q 81. Ke3 Qf3+ 82. Kd2 Qf4+ 83. Kc3 d2 84. Kc2 d1=Q+ 85. Kc3 Qfd4# 0-1

[Event "ch-FRA Blitz Online Qual"]
[Site "Europe-Chess INT"]
[Date "2020.05.16"]
[Round "9"]
[White "LHeritier, Boris"]
[Black "Leonardy, Batiste"]
[Result "0-1"]
[WhiteElo "1763"]
[BlackElo "1177"]
[WhiteFideId "26033003"]
[BlackFideId "36062880"]
[EventDate "2020.05.16"]

1. d4 Nf6 2. Nf3 g6 3. g3 Bg7 4. Bg2 O-O 5. O-O d6 6. b3 Nbd7 7. Bb2 e5 8. dxe5
Ng4 9. Qc1 Ngxe5 10. Nbd2 Nxf3+ 11. Nxf3 Bxb2 12. Qxb2 Qf6 13. Qd4 Re8 14. e3 a5
15. Qc4 Nc5 16. Nd4 c6 17. a3 Ne6 18. Nf3 d5 19. Qd3 h5 20. h4 Qe7 21. c4 Nc5
22. Qc2 Bf5 23. Qc3 dxc4 24. b4 axb4 25. axb4 Ne4 26. Qxc4 Rxa1 27. Rxa1 Rd8 28.
Ra7 Rd1+ 29. Kh2 Nxf2 30. Ra8+ Kg7 31. Bf1 Ng4+ 32. Kg2 Nxe3+ 33. Kf2 Nxc4 34.
Bxc4 Bd3 35. Bb3 Qe2# 0-1

[Event "ch-FRA Blitz Online Qual"]
[Site "Europe-Chess INT"]
[Date "2020.05.16"]
[Round "9"]
[White "Rode, Antony"]
[Black "Nicot, Valentin"]
[Result "0-1"]
[WhiteElo "2055"]
[BlackElo "1041"]
[WhiteFideId "626236"]
[BlackFideId "651002477"]
[EventDate "2020.05.16"]

1. e4 c5 2. Nf3 e6 3. c4 Nc6 4. Nc3 Nf6 5. Be2 d5 6. cxd5 exd5 7. e5 Nd7 8. Bb5
a6 9. Bxc6 bxc6 10. O-O d4 11. Ne4 Be7 12. d3 O-O 13. Bf4 f6 14. exf6 Nxf6 15.
Neg5 h6 16. Qb3+ Qd5 17. Rfe1 Qxb3 18. axb3 hxg5 19. Bxg5 Bd8 20. Ne5 Bb7 21.
Ng6 Rf7 22. h4 Kh7 23. h5 Nxh5 24. Ne5 Rf5 25. Bd2 Bg5 26. Ba5 Re8 27. Bc7 Bf6
28. f4 Nxf4 29. g3 Bxe5 0-1